Teología de Dios / (Record no. 64899)

MARC details
000 -LEADER
campo de control de longitud fija 00504nam a2200169 i 4500
001 - NÚMERO DE CONTROL
campo de control 64899
003 - IDENTIFICADOR DE NÚMERO DE CONTROL
campo de control ES-MaACL
005 - FECHA Y HORA DE LA ÚLTIMA TRANSACCIÓN
campo de control 20230906165240.0
007 - CAMPO FIJO DE DESCRIPCIÓN FÍSICA--INFORMACIÓN GENERAL
campo de control de longitud fija t|
008 - DATOS DE LONGITUD FIJA--INFORMACIÓN GENERAL
campo de control de longitud fija 040107s1969 sp ||||1| spa d
100 1# - ENTRADA PRINCIPAL--NOMBRE DE PERSONA
Nombre de persona Fortman, Edmund J.
9 (RLIN) 51872
245 10 - MENCIÓN DEL TÍTULO
Título Teología de Dios /
Mención de responsabilidad, etc. comentario por Edmund J. Fortman ; [traducción de Gregorio Gil].
260 ## - PUBLICACIÓN, DISTRIBUCIÓN, ETC.
Lugar de publicación, distribución, etc. Santander :
Nombre del editor, distribuidor, etc. Sal Terrae,
Fecha de publicación, distribución, etc. [1969]
300 ## - DESCRIPCIÓN FÍSICA
Extensión 482 p. ;
Dimensiones 22 cm.
700 1# - ENTRADA AGREGADA--NOMBRE PERSONAL
Nombre de persona Gil, Gregorio.
9 (RLIN) 56731
852 ## - LOCALIZACIÓN
Ubicación ES-MaACL
Número de control de estantería C-45592
Sublocalización o colección R.72925
Holdings
Estatus retirado Estado de pérdida Estado de daño No para préstamo Biblioteca de origen Biblioteca actual Ubicación en estantería Fecha de adquisición Fuente de adquisición Total de préstamos Signatura topográfica completa Código de barras Visto por última vez Precio de reemplazo Tipo de ítem Koha
        Biblioteca del Ateneo de Madrid Biblioteca del Ateneo de Madrid Depósito 2 17/01/2008     C-45592 1068002 23/02/2023 23/02/2023 Libro impreso